[Event "87o Campeonato Brasileiro Absoluto Final Aberta"]
[Site "Cuiaba MT"]
[Date "2021.11.03"]
[Round "10"]
[Board "47"]
[White "Da Silva, Erick Feitosa"]
[Black "Costa, Kerginaldo Brito Da"]
[Result "1-0"]
[WhiteElo "1765"]
[BlackElo "1926"]
[PlyCount "73"]
[EventDate "2021.10.28"]
[EventRounds "11"]
[EventCountry "BRA"]

1. c4 c5 2. Nc3 Nc6 3. Nf3 Nf6 4. g3 e5 5. Bg2 g6 6. O-O Bg7 7. d3 h6 8. Rb1 d6
9. a3 a5 10. Ne1 Be6 11. Nc2 d5 12. b4 axb4 13. axb4 cxb4 14. Nxb4 Nxb4 15.
Rxb4 Ra7 16. Qb3 dxc4 17. dxc4 O-O 18. Be3 Ra8 19. Bxb7 Rb8 20. Ba7 Rxb7 21.
Rxb7 Qc8 22. Nd5 Nxd5 23. cxd5 Bh3 24. Rd1 e4 25. Rb8 Qc7 26. Rxf8+ Bxf8 27.
Qe3 h5 28. Bd4 Bf5 29. Ba1 Bg7 30. Bxg7 Kxg7 31. d6 Qd7 32. Qc5 f6 33. Ra1 Kh6
34. Ra7 Qe6 35. d7 Qb3 36. Qc1+ g5 37. d8=Q  1-0

[Event "87o Campeonato Brasileiro Absoluto Final Aberta"]
[Site "Cuiaba MT"]
[Date "2021.11.03"]
[Round "10"]
[Board "48"]
[White "Ferreira, Thales Bond Dias"]
[Black "Rodrigues, Julliano De Araujo"]
[Result "1-0"]
[WhiteElo "1805"]
[BlackElo "1917"]
[PlyCount "53"]
[EventDate "2021.10.28"]
[EventRounds "11"]
[EventCountry "BRA"]

1. c4 g6 2. Nc3 Nf6 3. e4 e5 4. d4 exd4 5. Qxd4 Nc6 6. Qd1 Bg7 7. Bd3 d6 8.
Nge2 Ne5 9. O-O Nfg4 10. Bf4 O-O 11. b3 Nxd3 12. Qxd3 Ne5 13. Qd2 Re8 14. Rad1
b6 15. Bg5 Qd7 16. Nd5 Bb7 17. Nec3 Re6 18. f4 Ng4 19. f5 Ree8 20. f6 Bf8 21.
h3 Ne5 22. Bh6 Kh8 23. Bxf8 Rxf8 24. Qh6 Rg8 25. Ne7 Qe6 26. Ncd5 Nd7 27. Nxg8
 1-0

[Event "87o Campeonato Brasileiro Absoluto Final Aberta"]
[Site "Cuiaba MT"]
[Date "2021.11.03"]
[Round "10"]
[Board "49"]
[White "Baeta, Marcio Netto"]
[Black "Jenidarchiche, Douglas Rodrigo"]
[Result "0-1"]
[WhiteElo "1906"]
[BlackElo "1815"]
[PlyCount "136"]
[EventDate "2021.10.28"]
[EventRounds "11"]
[EventCountry "BRA"]

1. e4 e5 2. f4 d5 3. exd5 e4 4. d3 Qxd5 5. Nc3 Bb4 6. Bd2 Qe6 7. dxe4 Nf6 8. f5
Qe7 9. Qe2 Nc6 10. Nf3 Bd7 11. e5 Bxc3 12. Bxc3 Nd5 13. e6 fxe6 14. fxe6 Bxe6
15. Bd2 O-O-O 16. O-O-O h6 17. Ne5 Nd4 18. Qe4 Nf6 19. Qe3 Rhe8 20. Bc3 c5 21.
Bxd4 Bf5 22. Qf2 Rxd4 23. Qxf5+ Kc7 24. Rxd4 cxd4 25. Nd3 Qe3+ 26. Kd1 Ne4 27.
Qa5+ Kb8 28. Qe1 Qxe1+ 29. Kxe1 Ng3+ 30. Kf2 Nxh1+ 31. Kg1 Rf8 32. Be2 Rc8 33.
Bd1 Rf8 34. Bf3 Rc8 35. Bd1 Rf8 36. g3 Kc7 37. Be2 Re8 38. Bf3 Nxg3 39. hxg3 b6
40. Kf2 Kd6 41. b3 Re3 42. Be2 Re6 43. Ke1 Rf6 44. Kd2 Rg6 45. g4 Rg5 46. Nf2
Re5 47. Nd1 g6 48. Bd3 h5 49. Nf2 hxg4 50. Nxg4 Rg5 51. Be2 Rc5 52. Bf3 Rc3 53.
Be2 Rg3 54. a4 Ke6 55. Nf2 g5 56. Ne4 Rg2 57. Kd3 Ke5 58. Bf3 Rg1 59. Nf2 Rg3
60. Ke2 Kf5 61. Ne4 Rxf3 62. Kxf3 g4+ 63. Kg3 Kxe4 64. Kxg4 a5 65. Kg5 Ke3 66.
Kf5 Kd2 67. Ke4 Kxc2 68. Kxd4 Kxb3  0-1

[Event "87o Campeonato Brasileiro Absoluto Final Aberta"]
[Site "Cuiaba MT"]
[Date "2021.11.03"]
[Round "10"]
[Board "50"]
[White "Felicio, Leonardo Demetrio De F."]
[Black "Rezende, Uelton Fabricius Alves"]
[Result "1-0"]
[WhiteElo "1896"]
[BlackElo "1784"]
[PlyCount "53"]
[EventDate "2021.10.28"]
[EventRounds "11"]
[EventCountry "BRA"]

1. d4 Nf6 2. c4 d6 3. Nc3 g6 4. e4 Bg7 5. h3 Nbd7 6. Nf3 O-O 7. g4 e5 8. d5 Nc5
9. Bg5 h6 10. Bxf6 Bxf6 11. b4 Na6 12. a3 c6 13. Qd2 Kg7 14. Rg1 Bg5 15. Nxg5
Qxg5 16. Qxg5 hxg5 17. O-O-O cxd5 18. Rxd5 Rd8 19. Nb5 Bd7 20. Nxd6 Bc6 21. Rd2
Ba4 22. Nxb7 Rxd2 23. Kxd2 Nxb4 24. axb4 Rb8 25. Nc5 Rxb4 26. Nxa4 Rxa4 27. Bd3
 1-0

[Event "87o Campeonato Brasileiro Absoluto Final Aberta"]
[Site "Cuiaba MT"]
[Date "2021.11.03"]
[Round "10"]
[Board "51"]
[White "Correa, Joao Pedro Vieira"]
[Black "Cabral Teske, Luiz Fernando"]
[Result "0-1"]
[WhiteElo "1750"]
[BlackElo "1894"]
[PlyCount "50"]
[EventDate "2021.10.28"]
[EventRounds "11"]
[EventCountry "BRA"]

1. e4 c5 2. Nf3 Nc6 3. Bb5 g6 4. O-O Bg7 5. Re1 e5 6. c3 Nge7 7. d3 O-O 8. Nbd2
d5 9. exd5 Qxd5 10. Ne4 b6 11. Bh6 Bb7 12. Bxg7 Kxg7 13. Qe2 f6 14. Bc4 Qd7 15.
a3 Nd5 16. b4 cxb4 17. axb4 a5 18. b5 Nce7 19. h3 Rac8 20. Rac1 Nf4 21. Qe3
Ned5 22. Qd2 Nxh3+ 23. Kf1 Nhf4 24. Bxd5 Bxd5 25. Ng3 Bxf3  0-1

[Event "87o Campeonato Brasileiro Absoluto Final Aberta"]
[Site "Cuiaba MT"]
[Date "2021.11.03"]
[Round "10"]
[Board "52"]
[White "Santanna, Paulo"]
[Black "Bisesar, Maycon Da Costa"]
[Result "1-0"]
[WhiteElo "1894"]
[BlackElo "1742"]
[PlyCount "74"]
[EventDate "2021.10.28"]
[EventRounds "11"]
[EventCountry "BRA"]

1. d4 Nf6 2. Nc3 g6 3. e4 d6 4. f4 Bg7 5. Nf3 O-O 6. e5 dxe5 7. fxe5 Nd5 8. Bc4
c6 9. O-O Bg4 10. Ne4 Qb6 11. Kh1 f5 12. Neg5 Nd7 13. Ne6 Rf7 14. Nxg7 Rxg7 15.
Bh6 e6 16. Bxd5 cxd5 17. Bxg7 Kxg7 18. h3 Bh5 19. a4 Rf8 20. Ra3 Qd8 21. a5 f4
22. Rb3 b6 23. axb6 Nxb6 24. Ra3 Nc4 25. Rxa7+ Kg8 26. Qd3 Ne3 27. Rf2 Bxf3 28.
Rxf3 Qg5 29. Qd2 Nc4 30. Qb4 Ne3 31. g4 Qh4 32. Kg1 Nxc2 33. Qd2 Ne3 34. Qf2
Qd8 35. Rxf4 Nc4 36. Rxf8+ Qxf8 37. Qxf8+ Kxf8  1-0

[Event "87o Campeonato Brasileiro Absoluto Final Aberta"]
[Site "Cuiaba MT"]
[Date "2021.11.03"]
[Round "10"]
[Board "54"]
[White "Cymbalista, Eduardo Cymrot"]
[Black "Soares, Renan Barbosa Monteiro"]
[Result "0-1"]
[WhiteElo "1735"]
[BlackElo "1886"]
[PlyCount "98"]
[EventDate "2021.10.28"]
[EventRounds "11"]
[EventCountry "BRA"]

1. e4 c5 2. Nf3 d6 3. Bb5+ Bd7 4. Bxd7+ Qxd7 5. O-O Nc6 6. Qe2 Nf6 7. Rd1 Rc8
8. c3 e6 9. d4 cxd4 10. cxd4 d5 11. e5 Ne4 12. Be3 Be7 13. Nbd2 Nxd2 14. Rxd2
O-O 15. Bg5 Rc7 16. Bxe7 Nxe7 17. Rc2 Rxc2 18. Qxc2 Rc8 19. Qd3 Qc6 20. Ne1 Qc4
21. Rd1 Qxa2 22. Qb5 Qc4 23. Qxb7 Qc7 24. Qxc7 Rxc7 25. Ra1 Rb7 26. Nd3 Nc6 27.
Rc1 Rb6 28. Nb4 Rxb4 29. Rxc6 h6 30. Rc8+ Kh7 31. Rc7 Kg6 32. Rxa7 Rxb2 33. Kf1
Rb4 34. Ke2 Rxd4 35. f3 Rb4 36. Kf2 Rb2+ 37. Kg3 Rb8 38. Rd7 Rb2 39. h4 Re2 40.
f4 Re3+ 41. Kf2 Ra3 42. g4 Ra4 43. Kf3 Ra3+ 44. Kf2 h5 45. gxh5+ Kxh5 46. Rxf7
Kg6 47. Re7 Kf5 48. Rf7+ Ke4 49. f5 Ra2+  0-1

[Event "87o Campeonato Brasileiro Absoluto Final Aberta"]
[Site "Cuiaba MT"]
[Date "2021.11.03"]
[Round "10"]
[Board "55"]
[White "Kruger, Israel"]
[Black "Melo, Igor De Souza"]
[Result "1-0"]
[WhiteElo "1882"]
[BlackElo "1710"]
[PlyCount "155"]
[EventDate "2021.10.28"]
[EventRounds "11"]
[EventCountry "BRA"]

1. e4 c5 2. Nf3 g6 3. Nc3 Bg7 4. Bc4 Nc6 5. d3 e6 6. Bf4 d6 7. Qd2 a6 8. a4 Rb8
9. h4 h5 10. Nd1 b5 11. axb5 axb5 12. Bb3 Bb7 13. c3 Nge7 14. O-O O-O 15. Bh6
d5 16. Bxg7 Kxg7 17. exd5 exd5 18. d4 cxd4 19. Nxd4 Nxd4 20. Qxd4+ Kg8 21. Ne3
Nc6 22. Qf4 Na5 23. Bxd5 Bxd5 24. Rad1 Nc4 25. Nxd5 Kg7 26. b3 Na5 27. b4 Nc4
28. Rfe1 Rb7 29. Ne3 Qf6 30. Qxf6+ Kxf6 31. Nxc4 bxc4 32. Rd6+ Kg7 33. Rc6 Rd8
34. Rxc4 Rd2 35. Re3 Rc2 36. Rf3 Rc1+ 37. Kh2 Re1 38. Rc5 Re4 39. g3 Re1 40.
Kg2 Rb1 41. Rd5 Rb3 42. Rfd3 Kf6 43. Rd6+ Ke7 44. Kf3 Rxc3 45. Rxc3 Kxd6 46.
Rb3 Kd5 47. Kf4 f6 48. f3 Rb5 49. g4 hxg4 50. fxg4 g5+ 51. hxg5 fxg5+ 52. Kg3
Kc4 53. Rb1 Kd3 54. Rb2 Ke3 55. Rb3+ Kd4 56. Kf3 Kc4 57. Rb1 Kd3 58. Rc1 Rxb4
59. Rc5 Rf4+ 60. Kg3 Ke4 61. Rxg5 Rf3+ 62. Kh4 Rf8 63. Ra5 Rh8+ 64. Kg3 Rg8 65.
g5 Rh8 66. Kg4 Rh1 67. g6 Rg1+ 68. Kh5 Rh1+ 69. Kg5 Rg1+ 70. Kf6 Rf1+ 71. Kg7
Rg1 72. Kh7 Rh1+ 73. Kg8 Rg1 74. g7 Kd4 75. Kh7 Rh1+ 76. Kg6 Rg1+ 77. Rg5 Ra1
78. g8=Q  1-0

[Event "87o Campeonato Brasileiro Absoluto Final Aberta"]
[Site "Cuiaba MT"]
[Date "2021.11.03"]
[Round "10"]
[Board "56"]
[White "Valcarcel, Victor Ignacio Dos Santos"]
[Black "Do Carmo, Gabriel Carckeno"]
[Result "1-0"]
[WhiteElo "1879"]
[BlackElo "1398"]
[PlyCount "65"]
[EventDate "2021.10.28"]
[EventRounds "11"]
[EventCountry "BRA"]

1. e4 e6 2. Nf3 d5 3. Nc3 Nf6 4. e5 Nfd7 5. d4 c5 6. dxc5 Bxc5 7. Bd3 Nc6 8.
Bf4 Qb6 9. O-O Qxb2 10. Nb5 O-O 11. Bd2 d4 12. Qe2 a6 13. Rfb1 Qxb1+ 14. Rxb1
axb5 15. Bxb5 Rxa2 16. Qc4 Ra8 17. Bxc6 bxc6 18. Nxd4 Ba6 19. Qc3 Bxd4 20. Qxd4
Rfd8 21. Bg5 Rab8 22. Rd1 f6 23. Qa7 Be2 24. exf6 Bxd1 25. fxg7 Bxc2 26. h3 Re8
27. Qxd7 c5 28. Be7 Bb3 29. Bxc5 Rbd8 30. Qc7 Rd1+ 31. Kh2 Rc1 32. Qd7 Ba4 33.
Qxa4  1-0

[Event "87o Campeonato Brasileiro Absoluto Final Aberta"]
[Site "Cuiaba MT"]
[Date "2021.11.03"]
[Round "10"]
[Board "58"]
[White "Bandeira, Tarciano"]
[Black "Duailibi, Ricardo Miguel"]
[Result "0-1"]
[WhiteElo "2026"]
[BlackElo "1849"]
[PlyCount "78"]
[EventDate "2021.10.28"]
[EventRounds "11"]
[EventCountry "BRA"]

1. e4 e5 2. Nf3 Nc6 3. Bc4 Nf6 4. Ng5 Bc5 5. Nxf7 Qe7 6. Nxh8 d5 7. exd5 Bxf2+
8. Kf1 Nd4 9. c3 Bg4 10. Qa4+ Nd7 11. Kxf2 O-O-O 12. Rf1 Rf8+ 13. Kg1 Rxf1+ 14.
Bxf1 Nc5 15. Qb4 a5 16. Qc4 Qf6 17. Qxc5 Be2 18. h3 Qxf1+ 19. Kh2 Qf4+ 20. Kh1
Nf3 21. g3 Qf5 22. g4 Qf4 23. Qf2 Bd3 24. Na3 Be4 25. d3 Ng5+ 26. dxe4 Qxf2 27.
Bxg5 Qf3+ 28. Kg1 Qg3+ 29. Kf1 Qf3+ 30. Kg1 Qg3+ 31. Kf1 Qf3+ 32. Ke1 Qh1+ 33.
Kd2 Qxa1 34. Nc4 Qxa2 35. Nxe5 Qxb2+ 36. Kd3 b5 37. Nc6 a4 38. Nf7 a3 39. Nb4
a2  0-1

[Event "87o Campeonato Brasileiro Absoluto Final Aberta"]
[Site "Cuiaba MT"]
[Date "2021.11.03"]
[Round "10"]
[Board "59"]
[White "Franca Junior, Jairo"]
[Black "Pinto, Pedro Jorge De Moraes"]
[Result "1-0"]
[WhiteElo "1755"]
[BlackElo "2010"]
[PlyCount "93"]
[EventDate "2021.10.28"]
[EventRounds "11"]
[EventCountry "BRA"]

1. e4 c5 2. Nf3 g6 3. d4 Bg7 4. c3 cxd4 5. cxd4 Nf6 6. Nc3 O-O 7. e5 Ne8 8. Bc4
d6 9. Qe2 Nc6 10. h3 Qa5 11. Bf4 dxe5 12. dxe5 Nc7 13. O-O Be6 14. a3 Bxc4 15.
Qxc4 Ne6 16. b4 Qd8 17. Rad1 Qe8 18. Bg3 Rc8 19. Qb3 Rd8 20. Nd5 Rd7 21. Rd3
Kh8 22. Rfd1 Qb8 23. Qb2 Rfd8 24. Qe2 b5 25. h4 Qb7 26. Qe4 a5 27. Ng5 Nxg5 28.
hxg5 e6 29. Nf6 Rxd3 30. Rxd3 Rxd3 31. Qxd3 axb4 32. axb4 Qe7 33. Qxb5 Nxb4 34.
Bf4 Bf8 35. Bd2 Nc2 36. Qd3 Qc5 37. Nd7 Qd4 38. Qxd4 Nxd4 39. Nxf8 Nc6 40. Nd7
Kg7 41. Kf1 Nd4 42. Be3 Nf5 43. g3 Ne7 44. Ke2 Nc6 45. Kd3 Nb4+ 46. Kc4 Nd5 47.
Kc5  1-0

[Event "87o Campeonato Brasileiro Absoluto Final Aberta"]
[Site "Cuiaba MT"]
[Date "2021.11.03"]
[Round "10"]
[Board "60"]
[White "Cavalcante, Rodrigo Moreira"]
[Black "Cruz, Natan Gomes"]
[Result "1-0"]
[WhiteElo "1964"]
[BlackElo "1815"]
[PlyCount "162"]
[EventDate "2021.10.28"]
[EventRounds "11"]
[EventCountry "BRA"]

1. e4 e6 2. d4 d5 3. Nc3 Nf6 4. Bg5 Be7 5. e5 Nfd7 6. h4 a6 7. Qg4 f5 8. Qh5+
g6 9. Qh6 Bxg5 10. hxg5 Kf7 11. Nf3 Qf8 12. Qxf8+ Kxf8 13. O-O-O b5 14. Ne2 Kf7
15. Nf4 Nc6 16. Rh6 Ne7 17. Bd3 Nf8 18. Rdh1 Bd7 19. Nd2 Nc6 20. Nb3 Rg8 21. c3
Rg7 22. Nc5 Bc8 23. Kd2 Kg8 24. Ke3 Nd8 25. b3 Nf7 26. R6h2 Nxg5 27. f3 Nd7 28.
Ncxe6 Nxe6 29. Nxe6 Nf8 30. Nxg7 Kxg7 31. Rh6 Be6 32. Bc2 Bg8 33. f4 Nd7 34.
R6h4 h5 35. Bd3 Be6 36. Rc1 Nb6 37. Rc2 c6 38. Rh1 Kf7 39. Rhc1 Ke7 40. Ra1 a5
41. a4 bxa4 42. bxa4 Rb8 43. Rcc1 Kd7 44. Rcb1 Kc7 45. Kf3 Rh8 46. g3 Bd7 47.
Ra3 Ra8 48. Rab3 Nxa4 49. Rb7+ Kc8 50. Ba6 Kd8 51. Rb8+ Rxb8 52. Rxb8+ Kc7 53.
Rg8 Nxc3 54. Ke3 a4 55. Kd3 Ne4 56. Rxg6 Kb6 57. Rg7 Be6 58. Re7 Kxa6 59. Rxe6
Kb6 60. Rg6 Kc7 61. Rg7+ Kd8 62. Kc2 Ke8 63. Kb2 Kf8 64. Rg6 Ke7 65. Ka3 Kf7
66. Rxc6 Nxg3 67. Rc2 h4 68. Kxa4 Nf1 69. Rf2 Ne3 70. Rh2 Kg6 71. Rxh4 Nc2 72.
Kb5 Nxd4+ 73. Kc5 Nf3 74. Rh3 Nd2 75. Kxd5 Ne4 76. Re3 Nf2 77. e6 Ng4 78. Re2
Kg7 79. e7 Nf6+ 80. Ke6 Ne8 81. Rg2+ Kh7  1-0

[Event "87o Campeonato Brasileiro Absoluto Final Aberta"]
[Site "Cuiaba MT"]
[Date "2021.11.03"]
[Round "10"]
[Board "61"]
[White "Carmo, Jose Arlindo"]
[Black "Fedrizzi, Roberto Senatore"]
[Result "0-1"]
[WhiteElo "1650"]
[BlackElo "1962"]
[PlyCount "60"]
[EventDate "2021.10.28"]
[EventRounds "11"]
[EventCountry "BRA"]

1. e4 c5 2. Nf3 Nc6 3. d4 cxd4 4. Nxd4 a6 5. Nc3 e6 6. Be2 Bc5 7. Be3 Qf6 8.
Nf3 Bxe3 9. fxe3 Qh6 10. Qd2 Nf6 11. h3 O-O 12. O-O d5 13. exd5 Nxd5 14. Nxd5
exd5 15. Nd4 Re8 16. Rf3 Re5 17. Raf1 Rg5 18. Kh2 Qh4 19. R1f2 Ne5 20. Kh1 Nxf3
21. Nxf3 Qxf2 22. Nxg5 Be6 23. Nxh7 Qh4 24. Bd3 g6 25. e4 dxe4 26. Bxe4 Kxh7
27. Bxb7 Rd8 28. Qe2 Qf4 29. Bf3 Rd2 30. Qxa6 Bxh3  0-1

[Event "87o Campeonato Brasileiro Absoluto Final Aberta"]
[Site "Cuiaba MT"]
[Date "2021.11.03"]
[Round "10"]
[Board "62"]
[White "De Avelar, Flavio Henrique"]
[Black "Silva, Guilherme Henrique De Mora"]
[Result "0-1"]
[WhiteElo "1534"]
[BlackElo "1943"]
[PlyCount "82"]
[EventDate "2021.10.28"]
[EventRounds "11"]
[EventCountry "BRA"]

1. d4 Nf6 2. c4 c5 3. d5 e6 4. Nc3 exd5 5. Nxd5 Nxd5 6. Qxd5 Nc6 7. Nf3 Be7 8.
Ne5 O-O 9. Nxc6 bxc6 10. Qf3 Bf6 11. e4 Re8 12. Be2 Qe7 13. O-O Qxe4 14. Qxe4
Rxe4 15. Bd3 Re8 16. Rb1 Bd4 17. Bf4 d5 18. b3 Bd7 19. Rfe1 h6 20. Kf1 Bc3 21.
Rxe8+ Rxe8 22. Rd1 f5 23. Bd2 Bxd2 24. Rxd2 d4 25. Re2 Kf7 26. Rxe8 Kxe8 27. f4
Kf7 28. Ke2 Ke6 29. Kf3 Be8 30. h3 Bh5+ 31. Kf2 a5 32. g3 Bd1 33. Ke1 Bf3 34.
Kd2 g5 35. fxg5 hxg5 36. Bc2 Ke5 37. Bd3 f4 38. gxf4+ Kxf4 39. Ke1 Bg2 40. Bf1
Bxf1 41. Kxf1 Kg3  0-1

[Event "87o Campeonato Brasileiro Absoluto Final Aberta"]
[Site "Cuiaba MT"]
[Date "2021.11.03"]
[Round "10"]
[Board "63"]
[White "Zakowicz, Rafael"]
[Black "Nascimento, Davi De Araujo"]
[Result "1/2-1/2"]
[WhiteElo "1932"]
[BlackElo "1628"]
[PlyCount "74"]
[EventDate "2021.10.28"]
[EventRounds "11"]
[EventCountry "BRA"]

1. e4 c6 2. d4 d5 3. Nc3 dxe4 4. Nxe4 Bf5 5. Ng3 Bg6 6. Nf3 Nd7 7. Bc4 e6 8.
O-O Ngf6 9. Re1 Be7 10. Qe2 O-O 11. Bxe6 Re8 12. Bxd7 Qxd7 13. Be3 Bd6 14. Qc4
Qc7 15. Nh4 Nd5 16. Nxg6 Nxe3 17. Rxe3 Rxe3 18. fxe3 Bxg3 19. hxg3 hxg6 20. Rf1
Re8 21. Rf3 Re4 22. Kf2 Qe7 23. Qd3 g5 24. Rf5 f6 25. Kf3 Re6 26. g4 Kf7 27.
Ra5 a6 28. Ra3 g6 29. c4 f5 30. c5 Re4 31. gxf5 gxf5 32. Qf1 Rg4 33. Qd3 Kg6
34. Qc2 Qc7 35. Qf2 Qe7 36. Qc2 Qc7 37. Qf2 Qe7  1/2-1/2

[Event "87o Campeonato Brasileiro Absoluto Final Aberta"]
[Site "Cuiaba MT"]
[Date "2021.11.03"]
[Round "10"]
[Board "64"]
[White "Cardoso, Marcio De Lucca"]
[Black "Leite, Coraci De Jesus"]
[Result "0-1"]
[WhiteElo "1892"]
[BlackElo "1763"]
[PlyCount "35"]
[EventDate "2021.10.28"]
[EventRounds "11"]
[EventCountry "BRA"]

1. e4 c5 2. Nf3 g6 3. d4 cxd4 4. Nxd4 Bg7 5. c4 Nc6 6. Be3 Nf6 7. Nc3 d6 8. Be2
a6 9. Qd2 Qa5 10. O-O Bg4 11. f3 Bd7 12. Rfd1 O-O 13. Nxc6 Bxc6 14. Nd5 Qd8 15.
Nb6 Rb8 16. a4 Nd7 17. Nxd7 Qxd7 18. c5 {ilegÃƒ^^vel}  0-1

[Event "87o Campeonato Brasileiro Absoluto Final Aberta"]
[Site "Cuiaba MT"]
[Date "2021.11.03"]
[Round "10"]
[Board "65"]
[White "Brito, Vicente De Paulo Alencar"]
[Black "Farias, Sergio Luiz Cardoso"]
[Result "1-0"]
[WhiteElo "1889"]
[BlackElo "1543"]
[PlyCount "77"]
[EventDate "2021.10.28"]
[EventRounds "11"]
[EventCountry "BRA"]

1. d4 Nf6 2. Bf4 g6 3. Nc3 Bg7 4. e3 O-O 5. h4 d5 6. h5 Bg4 7. f3 Bf5 8. g4 Bc8
9. Qe2 h6 10. hxg6 fxg6 11. Qh2 Qe8 12. Bxh6 Qf7 13. O-O-O Bd7 14. Bd3 Nc6 15.
Bxg7 Qxg7 16. g5 Nh7 17. f4 Bf5 18. Nxd5 Rac8 19. e4 Bg4 20. Rd2 e6 21. Ne3 Bh5
22. Be2 Bxe2 23. Nxe2 Rcd8 24. c3 e5 25. dxe5 Rxd2 26. Kxd2 Qd7+ 27. Kc2 Nd8
28. Nd5 Qa4+ 29. Kd2 Qd7 30. Kc1 Qg7 31. Nd4 c5 32. Nf6+ Nxf6 33. gxf6 Rxf6 34.
exf6 Qxf6 35. Qh7+ Kf8 36. Qh8+ Qxh8 37. Rxh8+ Ke7 38. Rxd8 Kxd8 39. Ne6+  1-0

[Event "87o Campeonato Brasileiro Absoluto Final Aberta"]
[Site "Cuiaba MT"]
[Date "2021.11.03"]
[Round "10"]
[Board "66"]
[White "Sopko, Cassio Roberto"]
[Black "Freitas, Mauricio Mathioli"]
[Result "1-0"]
[WhiteElo "1877"]
[BlackElo "1441"]
[PlyCount "61"]
[EventDate "2021.10.28"]
[EventRounds "11"]
[EventCountry "BRA"]

1. d4 e6 2. g3 Nf6 3. Bg2 c5 4. c3 d5 5. Nf3 Nc6 6. O-O b5 7. a4 Qa5 8. dxc5 b4
9. Nd4 Qxc5 10. Nb5 Ne5 11. cxb4 Qb6 12. Bf4 a6 13. Bxe5 axb5 14. a5 Qd8 15.
Qd3 Bd7 16. Bc3 Be7 17. Nd2 O-O 18. e4 Bc6 19. e5 Ng4 20. h3 Nh6 21. g4 Qc7 22.
Rac1 Rfd8 23. Bd4 Bxb4 24. Bb6 Qb7 25. Bxd8 Rxd8 26. Nb3 Qa8 27. Rc2 Be8 28.
Qd4 Be7 29. Rfc1 f6 30. Qb6 fxe5 31. Qxe6+  1-0

[Event "87o Campeonato Brasileiro Absoluto Final Aberta"]
[Site "Cuiaba MT"]
[Date "2021.11.03"]
[Round "10"]
[Board "67"]
[White "Deus Filho, Joaquim De"]
[Black "Goetten Wagner, Julia"]
[Result "1/2-1/2"]
[WhiteElo "1868"]
[BlackElo "1606"]
[PlyCount "39"]
[EventDate "2021.10.28"]
[EventRounds "11"]
[EventCountry "BRA"]

1. e4 c5 2. Nf3 e6 3. d3 Nc6 4. g3 d5 5. Nbd2 g6 6. Bg2 Bg7 7. O-O Nge7 8. Qe2
O-O 9. Re1 b6 10. h4 h5 11. Nf1 Ba6 12. e5 Nd4 13. Nxd4 cxd4 14. Bg5 Qc7 15.
Rac1 Nc6 16. f4 Rfe8 17. Nh2 Ne7 18. g4 hxg4 19. Nxg4 Kf8 20. Nf6  1/2-1/2

[Event "87o Campeonato Brasileiro Absoluto Final Aberta"]
[Site "Cuiaba MT"]
[Date "2021.11.03"]
[Round "10"]
[Board "69"]
[White "Braga, Marcelo Melem"]
[Black "Oliveira, Leonardo Tadeu De Alme"]
[Result "0-1"]
[WhiteElo "1531"]
[BlackElo "2121"]
[PlyCount "40"]
[EventDate "2021.10.28"]
[EventRounds "11"]
[EventCountry "BRA"]

1. d4 d5 2. c4 c6 3. Nc3 Nf6 4. Bg5 Nbd7 5. e3 Qa5 6. Bxf6 Nxf6 7. Bd3 e6 8. a3
Bd6 9. b4 Qd8 10. Nf3 O-O 11. O-O b6 12. Qc2 dxc4 13. Bxc4 c5 14. bxc5 bxc5 15.
d5 exd5 16. Be2 Qe7 17. Ng5 g6 18. Bf3 Qe5 19. g3 Qxg5 20. Nxd5 Nxd5  0-1

[Event "87o Campeonato Brasileiro Absoluto Final Aberta"]
[Site "Cuiaba MT"]
[Date "2021.11.03"]
[Round "10"]
[Board "70"]
[White "Cilento, Lucas Geraldo"]
[Black "Cardoso, Lucca Pimenta"]
[Result "1-0"]
[WhiteElo "1952"]
[BlackElo "1690"]
[PlyCount "63"]
[EventDate "2021.10.28"]
[EventRounds "11"]
[EventCountry "BRA"]

1. e4 c5 2. Nf3 e6 3. d4 cxd4 4. Nxd4 Nf6 5. Nc3 Nc6 6. Ndb5 d6 7. Bf4 e5 8.
Bg5 a6 9. Na3 Be7 10. Bxf6 Bxf6 11. Nc4 Be7 12. Nd5 Be6 13. Ncb6 Rb8 14. c3 O-O
15. Bd3 f5 16. exf5 Bxf5 17. Bxf5 Rxf5 18. Qg4 Rg5 19. Qe6+ Kh8 20. g3 Rg6 21.
Qf5 Qf8 22. Qe4 Qf7 23. O-O Qe6 24. Rae1 Qh3 25. f4 Bf6 26. f5 Rh6 27. Rf2 Bd8
28. Nd7 Rc8 29. Nf4 d5 30. Nxd5 Rd6 31. Nxe5 Bf6 32. Nf7+  1-0

[Event "87o Campeonato Brasileiro Absoluto Final Aberta"]
[Site "Cuiaba MT"]
[Date "2021.11.03"]
[Round "10"]
[Board "71"]
[White "De Souza Monteiro, Marcos Paulo"]
[Black "Fernandes, Pedro Guilherme Muniz"]
[Result "1-0"]
[WhiteElo "1942"]
[BlackElo "1682"]
[PlyCount "93"]
[EventDate "2021.10.28"]
[EventRounds "11"]
[EventCountry "BRA"]

1. d4 Nf6 2. c4 g6 3. Nc3 d5 4. cxd5 Nxd5 5. e4 Nxc3 6. bxc3 c5 7. Rb1 Bg7 8.
Nf3 O-O 9. Be2 Nc6 10. d5 Bxc3+ 11. Bd2 Bxd2+ 12. Qxd2 Nb8 13. O-O f6 14. Rfd1
Qd6 15. Qe3 Nd7 16. Nd2 a6 17. Nc4 Qc7 18. Qh6 b5 19. d6 exd6 20. Nxd6 Ne5 21.
Nxc8 Raxc8 22. Qh3 Qf7 23. f4 Nc6 24. Rd7 Ne7 25. Bg4 Rc6 26. Rbd1 Kg7 27. Rxe7
Qxe7 28. Rd7 Qxd7 29. Bxd7 Rd6 30. Be6 b4 31. f5 c4 32. Bxc4 g5 33. Qh5 Rd1+
34. Kf2 Rd2+ 35. Kg3 Rc2 36. Bb3 Rc3+ 37. Kf2 a5 38. h3 a4 39. Bxa4 Rd8 40. Bb3
Rd2+ 41. Kg1 Rc7 42. Qe8 Kh6 43. Qf8+ Kh5 44. Qxf6 Rcd7 45. Kh2 g4 46. Kg3 Rg7
47. Qh4#  1-0

[Event "87o Campeonato Brasileiro Absoluto Final Aberta"]
[Site "Cuiaba MT"]
[Date "2021.11.03"]
[Round "10"]
[Board "72"]
[White "De Oliveira Filho, Fernando F"]
[Black "Azevedo Junior, Joao Nunes"]
[Result "0-1"]
[WhiteElo "1638"]
[BlackElo "1919"]
[PlyCount "54"]
[EventDate "2021.10.28"]
[EventRounds "11"]
[EventCountry "BRA"]

1. d4 Nf6 2. c4 e6 3. Nf3 b6 4. e3 Bb4+ 5. Bd2 Be7 6. Nc3 O-O 7. Bd3 d5 8. O-O
Ba6 9. Qe2 c5 10. cxd5 Bxd3 11. Qxd3 exd5 12. b3 Nc6 13. Ne5 Nb4 14. Qe2 Rc8
15. Rac1 Ne4 16. Nxe4 dxe4 17. Bxb4 cxb4 18. Nc6 Qd7 19. Nxe7+ Qxe7 20. Rc2 Rc3
21. Rxc3 bxc3 22. Qc4 Qa3 23. Qxc3 Qxa2 24. Rc1 g6 25. Qc2 Qa3 26. h3 a5 27.
Qxe4 Qxc1+  0-1

[Event "87o Campeonato Brasileiro Absoluto Final Aberta"]
[Site "Cuiaba MT"]
[Date "2021.11.03"]
[Round "10"]
[Board "73"]
[White "Da Cruz, Emerson"]
[Black "Da Silva, Fabio Lima"]
[Result "1-0"]
[WhiteElo "1623"]
[BlackElo "1909"]
[PlyCount "63"]
[EventDate "2021.10.28"]
[EventRounds "11"]
[EventCountry "BRA"]

1. c4 c6 2. e4 d5 3. exd5 cxd5 4. d4 Nf6 5. Nc3 Nc6 6. Nf3 g6 7. Bg5 Bg7 8. Qd2
Ne4 9. Nxe4 dxe4 10. d5 exf3 11. dxc6 Qxd2+ 12. Kxd2 O-O 13. Bxe7 Bh6+ 14. Kc3
Re8 15. Bc5 bxc6 16. gxf3 Rb8 17. b3 Re5 18. Bd6 Bg7 19. Bxb8 Re1+ 20. Kb4 Bxa1
21. Bxa7 Re7 22. Bb6 Bg7 23. c5 Bd4 24. Bc4 Bxf2 25. a4 Re8 26. Rd1 Be1+ 27.
Ka3 Bf2 28. a5 Bb7 29. Rd7 Rb8 30. Rxf7 Kh8 31. Ba7 Ra8 32. Rxb7  1-0

[Event "87o Campeonato Brasileiro Absoluto Final Aberta"]
[Site "Cuiaba MT"]
[Date "2021.11.03"]
[Round "10"]
[Board "74"]
[White "Costa, Ricardo Santos"]
[Black "Campos, Otavio Moraes"]
[Result "1-0"]
[WhiteElo "1834"]
[BlackElo "1619"]
[PlyCount "44"]
[EventDate "2021.10.28"]
[EventRounds "11"]
[EventCountry "BRA"]

1. Nf3 Nf6 2. d4 g6 3. c4 d6 4. Nc3 Bg7 5. g3 O-O 6. Bg2 c6 7. O-O Nbd7 8. b3
e5 9. e3 Nh5 10. e4 a6 11. Be3 b5 12. d5 c5 13. Re1 b4 14. Na4 f5 15. Ng5 Qe7
16. Ne6 Rf7 17. Nxg7 Kxg7 18. exf5 Nhf6 19. fxg6 hxg6 20. Bg5 Rb8 21. Re4 Qf8
22. Rh4 Qe8  1-0